000 00978nam a2200253Ia 4500
001 15834
003 GE_BSU
008 181216s||||||||xx |||||||||||||| ||und||
020 _a978-9941-400-06-3
040 _cGE_BSU
080 _a821.353.1-32
100 _aჭავჭავაძე, ი. (ილია, 1837-1907)
245 _aოთარაანთ ქვრივი
245 _bმოთხრობა ქართ. და აზერბ. ენ
245 _cთარგმნა ემინ მაჰმუდოვმა ; მხატვ. გიორგი წერეთელი
260 _aთბილისი
260 _bკავკასიური სახლი
260 _c2008
300 _a157 გვ. ; 20 სმ.
520 _aპარალ. თავფურ. აზერბ.. - რეზ. ინგლ
653 _aმოთხრობა
653 _aოთარაანთ ქვრივი
942 _cBK
999 _c48931
_d48931